000 00816nam a2200253Ia 4500
003 OSt
005 20220925204825.0
006 a|||||r|||| 00| 0
007 ta
008 220923b |||||||| |||| 00| 0 eng d
037 _cGeneral Book
040 _aRTL
_cRTL
_beng
041 _2eng
_aeng
082 _aX:3M24xM18, K9
110 _aPapers: Marx and contemporary scientific thought
_9269086
245 0 _aSymposium on the Role of Karl Marx in the Developm
260 _aHage
_bMouton
_c1969
300 _axi, 612p
_ccm.
490 _aInternational Social Science Council Publication.13
650 _aEconomic Classics Karl Marx
_9233100
700 _aPapers: Marx and contemporary scientific thought
_9269087
942 _hX:3M24xM18, K9
_cGB
_2CC
999 _c550540
_d550540